000 00911nam0a22002651 4500
001 v19\rc\1772636
005 20250619071418.0
035 _a(NLR Aleph) 004869553
090 _a5085771
_c5085771
100 _a20061204d1904 |||y0rusy50 ca
101 0 _arus
102 _aRU
105 _aa z |||||
200 1 _aТри варианта Дворцового моста через реку Большую Неву в С.-Петербурге
_fИнж.-строитель Э. Барц
210 _aСанкт-Петербург
_cСобр. инж. пут. сообщ.
_d1904
215 _a[2], 12 с.
_cил., табл., черт.
_d35
700 1 _aБарц
_bЭ.Р.
_gЭрих Робертович
801 0 _aRU
_bNLR
_gpsbo
801 0 _aRU
_bRuMoRGB
_2psbo
801 1 _aRU
_bProSoft-M
_2rusmarc
852 _aNLR
_j34.83.2.8
899 _aRuMoRGB
_jA 298/108
899 _aБАН
942 _cBOOK
980 _aNB